000 00494nam a22001817a 4500
005 20251108174544.0
008 250721s9999 xx 000 0 ara d
082 1 4 _a616.3/هار
100 1 _aهاريسون،
245 1 0 _aمبادئ الطب الباطني /
264 1 _aدمشق :
_bدار المنجد،
300 _a379
650 1 7 _aالطب الباطني
650 1 7 _aالامراض
700 1 _aالحبش، سعيد
_eمترجم
942 _2ddc
_cBK
999 _c112160
_d112160